Zarina Patel : (Record no. 2051)

000 -LEADER
fixed length control field 00640cam a22002175i 4500
001 - CONTROL NUMBER
control field 9966769502
003 - CONTROL NUMBER IDENTIFIER
control field OSt
005 - DATE AND TIME OF LATEST TRANSACTION
control field 20160208132825.0
008 - FIXED-LENGTH DATA ELEMENTS--GENERAL INFORMATION
fixed length control field 150505s2014 ke a 001 0 eng
010 ## - LIBRARY OF CONGRESS CONTROL NUMBER
LC control number 2014321396
040 ## - CATALOGING SOURCE
Original cataloging agency DLC
Language of cataloging eng
Transcribing agency DLC
Description conventions rda
082 ## - DEWEY DECIMAL CLASSIFICATION NUMBER
Classification number PR9381.9.G66
100 1# - MAIN ENTRY--PERSONAL NAME
Personal name Gona, George.
245 10 - TITLE STATEMENT
Title Zarina Patel :
Remainder of title An Indomitable Spirit
Statement of responsibility, etc George Gona.
260 ## - PUBLICATION, DISTRIBUTION, ETC. (IMPRINT)
Place of publication, distribution, etc Nairobi
Name of publisher, distributor, etc MvuleAfrica
Date of publication, distribution, etc 2014
300 ## - PHYSICAL DESCRIPTION
Extent i, 246 p :
Other physical details colored illustrations ;
Dimensions 21 cm
500 ## - GENERAL NOTE
General note Includes index.
504 ## - BIBLIOGRAPHY, ETC. NOTE
Bibliography, etc include bibliographical reference, index.
906 ## - LOCAL DATA ELEMENT F, LDF (RLIN)
a 0
b ibc
c origode
d 2
e ncip
f 20
g y-gencatlg
942 ## - ADDED ENTRY ELEMENTS (KOHA)
Source of classification or shelving scheme
Koha item type Book
Holdings
Withdrawn status Lost status Source of classification or shelving scheme Damaged status Not for loan Home library Current library Shelving location Date acquired Total Checkouts Full call number Barcode Date last seen Date checked out Copy number Price effective from Koha item type
          Riara University Library Riara University Library General stack 08/02/2016 1 PR9381.9.G66 6338/15 19/10/2022 19/10/2022 C.1 08/02/2016 Book

Riara University Library,
P.O. Box 49940-00100,
Nairobi, Kenya.